Hydrology and water resources development in Nepal (Record no. 5070)
[ view plain ]
| 000 -LEADER | |
|---|---|
| fixed length control field | 008550000a22003010004500 |
| 003 - CONTROL NUMBER IDENTIFIER | |
| control field | Giri |
| 005 - DATE AND TIME OF LATEST TRANSACTION | |
| control field | 20120907074914.0 |
| 082 ## - DEWEY DECIMAL CLASSIFICATION NUMBER | |
| Classification number | 551.49 |
| Item number | Ev29h |
| -- | N |
| 041 ## - LANGUAGE CODE | |
| Language code of text/sound track or separate title | Eng |
| 100 ## - MAIN ENTRY--PERSONAL NAME | |
| Personal name | Evett, W. W. |
| 245 ## - TITLE STATEMENT | |
| Title | Hydrology and water resources development in Nepal |
| 260 ## - PUBLICATION, DISTRIBUTION, ETC. (IMPRINT) | |
| Place of publication, distribution, etc | Atlanta |
| Name of publisher, distributor, etc | Go, GSA |
| 260 ## - PUBLICATION, DISTRIBUTION, ETC. (IMPRINT) | |
| Date of publication, distribution, etc | 1969 |
| 300 ## - PHYSICAL DESCRIPTION | |
| Extent | 94p. |
| Other physical details | illus.,maps. |
| 500 ## - GENERAL NOTE | |
| General note | Prepared by the U.S. Geological survey in cooperation with the Nepalese Dept. of Hydrology and Meteorology under the auspices of the US. Agency for International Development |
| 518 ## - DATE/TIME AND PLACE OF AN EVENT NOTE | |
| Date/time and place of an event note | 940531 |
| 530 ## - ADDITIONAL PHYSICAL FORM AVAILABLE NOTE | |
| Additional physical form available note | M |
| 650 ## - SUBJECT ADDED ENTRY--TOPICAL TERM | |
| Topical term or geographic name as entry element | Hydrology |
| 650 ## - SUBJECT ADDED ENTRY--TOPICAL TERM | |
| Topical term or geographic name as entry element | Water resources |
| 650 ## - SUBJECT ADDED ENTRY--TOPICAL TERM | |
| Topical term or geographic name as entry element | Water resources development |
| 650 ## - SUBJECT ADDED ENTRY--TOPICAL TERM | |
| Topical term or geographic name as entry element | Water resources management |
| 650 ## - SUBJECT ADDED ENTRY--TOPICAL TERM | |
| Topical term or geographic name as entry element | Hydrological data |
| 650 ## - SUBJECT ADDED ENTRY--TOPICAL TERM | |
| Topical term or geographic name as entry element | Rivers |
| 650 ## - SUBJECT ADDED ENTRY--TOPICAL TERM | |
| Topical term or geographic name as entry element | Groundwater |
| 651 ## - SUBJECT ADDED ENTRY--GEOGRAPHIC NAME | |
| Geographic name | Nepal |
| 942 ## - ADDED ENTRY ELEMENTS (KOHA) | |
| Koha item type | General Collections |
| Withdrawn status | Lost status | Damaged status | Not for loan | Home library | Current library | Date acquired | Total Checkouts | Barcode | Date last seen | Price effective from |
|---|---|---|---|---|---|---|---|---|---|---|
| Tribhuvan University Central Library | Tribhuvan University Central Library | 06/20/2010 | G3210 | 06/20/2010 | 06/20/2010 | |||||
| Tribhuvan University Central Library | Tribhuvan University Central Library | 06/20/2010 | 2295 | 06/20/2010 | 06/20/2010 |
